Normal view
MARC view
- Muhammad Faseeh Raza Muhammad Danish Tehseen Sarmad Ahmad Abbasi Mir Ali Haider
Entry Personal Name
001 - CONTROL NUMBER
- control field: 71887
003 - CONTROL NUMBER IDENTIFIER
- control field: NUST
005 - DATE AND TIME OF LATEST TRANSACTION
- control field: 20210628204712.0
008 - FIXED-LENGTH DATA ELEMENTS
- fixed length control field: 210628|| aca||aabn | a|a d
040 ## - CATALOGING SOURCE
- Original cataloging agency: NUST
- Transcribing agency: NUST
100 ## - HEADING--PERSONAL NAME
- Personal name: Muhammad Faseeh Raza Muhammad Danish Tehseen Sarmad Ahmad Abbasi Mir Ali Haider
670 ## - SOURCE DATA FOUND
- Source citation: Work cat.: (NUST): Muhammad Faseeh Raza Muhammad Danish Tehseen Sarmad Ahmad Abbasi Mir Ali Haider, PR-SOF-1684-DEVELOPMENT OF BELOW WAIST, 3D, HUMAN GAIT WITH ANALYTICS, 2018
